000 00420nam a2200145 i 4500
001 21726
003 ES-MaACL
007 t|
008 021127s1922 gw ||||1| ger d
100 1 _aDjemal Pascha, Admed.
_944917
245 1 0 _aErinnerungen Eines türkischen staatsmaunes /
_cvon Admed Djemal Pascha.
260 _aMünchen :
_bDrei Masken Verlag,
_c1922.
300 _a324 p. ;
_c24 cm.
852 _aES-MaACL
_jB-8561
999 _c21726
_d21726